| 000 | 00739nam a2200181 i 4500 | ||
|---|---|---|---|
| 001 | 49108 | ||
| 003 | ES-MaACL | ||
| 005 | 20230906161903.0 | ||
| 007 | t| | ||
| 008 | 030708s1884 sp ||||1| spa d | ||
| 100 | 1 |
_aCorrea y Martranez, José. _940760 |
|
| 245 | 1 | 3 |
_aDiscurso leido en la Universidad de Valladolid en la solemne inauguración del curso académico de 1884 á 1885 / _cpor José Correa y Martranez ; [Datos estadísticos en el curso académico de 1882 á 1883]. |
| 260 |
_aValladolid : _b[s.n.], _c1884 ( _fImpr. de L. Garrido) |
||
| 300 |
_a1 vol. (pag. var.) ; _c28 cm. |
||
| 500 | _aTítulo del discurso: El principio inmutable de verdad en al enseñanza. | ||
| 650 | 0 | 4 |
_aVerdad. _917765 |
| 852 |
_aES-MaACL _jT-392-F-10 |
||
| 999 |
_c49108 _d49108 |
||